000 01077 a2200325 4500
999 _c200002911
_d17524
001 200002911
003 TR-AnTOB
005 20230728094036.0
008 110129s2010 tu 000 0
040 _aTR-AnTOB
_cTR-AnTOB
_beng
_erda
041 1 _atur
_hfre
050 1 4 _aZ4
_b.E2619 2010
090 _aZ4 .E2619 2010
100 1 _aEco, Umberto
_9118818
245 1 0 _aKitaplardan kurtulabileceğinizi sanmayın /
_cUmberto Eco, Jean-Claude Carrière, ; söyleşiyi yöneten Jean-Philippe de Tonnac ; Sosi Dolanoğlu.
264 1 _aİstanbul:
_bCan Yayınları,
_c2010.
300 _a74 p. ;
_c20 cm.
336 _2rdacontent
_atext
_btxt
337 _2rdamedia
_aunmediated
_bn
338 _2rdacarrier
_avolume
_bnc
490 0 _aCan Yayınları ;
_v1894
_aKırkmerak ;
_v4
650 0 0 _aBooks
_xSocial aspects
_972784
650 0 _aKitaplar
_xSosyal yönleri
_972786
650 7 _aKitaplar
_xTarih
_2etuturkob
_99909
650 0 0 _aBooks
_xHistory
_947170
650 0 0 _aBooks and reading
_952118
650 0 _aKitaplar ve okuma
_9123975
942 _cBK
_2lcc